000 00664cam a22002171 4500
001 agr50000490
003 DLC
005 20260227111013.0
008 720913s1950 xx 000 0 eng
010 _aagr50000490
035 _a(OCoLC)405804
040 _aDLC
_cOKentU
_dDLC
042 _apremarc
050 0 0 _aSF427
_b.M58
100 1 _aMiller, Harry Herman,
_d1900-
245 0 0 _aGallery of American dogs.
_cPhotos. by Arthur S. Mawhinney and Katherine Holt Mawhinney; pen-and-ink drawings by Paul Brown.
260 _aNew York,
_bMcGraw-Hill
_c[1950]
300 _ax, 262 p.
_billus.
_c26 cm.
650 0 _aDogs.
700 1 _aMawhinney, Arthur S.,
_eillus.
999 _c11217
_d11217